000 00503nam a2200181Ia 4500
008 230917s9999||||xx |||||||||||||| ||und||
020 _cGBP94.99
040 _e258925
_aMAIN
041 _aEnglish
082 _a362.7340973 L775P(7)
100 _aLlorens, Jared J
245 0 _aPublic personnel management: Contexts and strategies
250 _a7th ed.
260 _aNew Delhi
_bRoutledge
_c2018
300 _ax, 362 p.
500 _a3698 05/11/2019 HBD19/8058 09/12/2019 Main Budget
942 _cBK
999 _c33655
_d33655